Giáo trình tâm lý học kinh doanh du lịch : Dùng cho các trường THCN Hà Nội /

Wedi'i Gadw mewn:
Manylion Llyfryddiaeth
Prif Awdur: Trần Thị Thu H
Fformat: Sách giấy
Iaith:Vietnamese
Cyhoeddwyd: H. : Nxb. Hà nội, 2005
Pynciau:
Tagiau: Ychwanegu Tag
Dim Tagiau, Byddwch y cyntaf i dagio'r cofnod hwn!
Thư viện lưu trữ: Thư viện Trường Đại học Đà Lạt
LEADER 00920nam a2200301 4500
001 DLU050048827
005 ##20050901
040 # # |a DLU  |b vie 
041 # # |a vie 
044 # # |a vn 
082 # # |a 338.479 1  |b TR-H 
100 # # |a Trần Thị Thu Hà 
245 # # |a Giáo trình tâm lý học kinh doanh du lịch :  |b Dùng cho các trường THCN Hà Nội /  |c Trần Thị Thu Hà 
246 # # |a Giáo trình tâm lý học kinh doanh du lịch :  |b Dùng cho các trường Trung học Chuyên nghiệp Hà Nội 
260 # # |a H. :  |b Nxb. Hà nội,  |c 2005 
300 # # |a 109 tr. ;  |c 24 cm 
504 # # |a Tài liệu tham khảo :tr.108 
650 # # |a Du lịch  |x Khía cạnh tâm lý  |v Giáo trình. 
923 # # |a 46/2005 
992 # # |a 14.500 
994 # # |a DLU 
900 # # |a True 
911 # # |a Đào Thị Thu Huyền 
925 # # |a G 
926 # # |a A 
927 # # |a SH 
980 # # |a Thư viện Trường Đại học Đà Lạt